Panipat: (Record no. 183598)

MARC details
000 -LEADER
fixed length control field 00609nam a22001937a 4500
005 - DATE AND TIME OF LATEST TRANSACTION
control field 20211229142740.0
010 ## - LCCN (DPL NO)
LC control number ENG-130748
020 ## - INTERNATIONAL STANDARD BOOK NUMBER
International Standard Book Number 978-93-887-54-811
Terms of availability 899.00
035 ## - SYSTEM CONTROL NUMBER
System control number EN-114280
037 ## - SOURCE OF ACQUISITION
Source of stock number/acquisition DBAD
082 ## - DEWEY DECIMAL CLASSIFICATION NUMBER
Classification number N
100 ## - MAIN ENTRY--PERSONAL NAME
Personal name Patil, Vishwas
245 ## - TITLE STATEMENT
Title Panipat:
Statement of responsibility, etc Vishwas Patil & Translated by Nadeem Khan
260 ## - PUBLICATION, DISTRIBUTION, ETC. (IMPRINT)
Place of publication, distribution, etc Chennai
Name of publisher, distributor, etc Rajhans Prakashan
Date of publication, distribution, etc 2019
270 ## - ADDRESS
Address 1st Floor, A Block, East Wing, Plot No. 40, SP Info City, Dr. MGR Salai, Perungudi, Kandanchavadi
City Chennai
Postal code 600096
300 ## - PHYSICAL DESCRIPTION
Extent 575p
Dimensions 24cm(pbk)
700 ## - ADDED ENTRY--PERSONAL NAME
Personal name Translated by Khan, Nadeem
942 ## - ADDED ENTRY ELEMENTS (KOHA)
Source of classification or shelving scheme Dewey Decimal Classification
Item type English Books
Classification part N
Call number suffix PAT
Holdings
Withdrawn status Lost status Not for loan Collection code Home library Current library Date acquired Source of acquisition Cost, normal purchase price Full call number Barcode Copy number Cost, replacement price Koha item type
      Non-fiction Mobile Library Mobile Library 29/12/2021 DBAD/PUB 899.00 N PAT EN-114280 1 899.00 English Books

© Delhi Public Library
Hit Counter
free hit counter